000 00830cam a2200253 4500
001 M91581
008 090401t1998 xxu||||| |||| 00| 0 eng d
035 _a(Sirsi) u99394
041 _aeng
110 _aRoyal Institution of Chartered Surveyors
_94900
245 _aInterdepartmental Working Group on Blight : final report.
260 _aLondon
_bRICS
_c1998
300 _a7p. ; 30cm.
350 _a0
490 _aRICS Policy Unit Submission
_vPU/SUB/35
520 _aAvailable on the Internet at http://www.rics.org.uk/parliament/
650 _aBLIGHT NOTICES
650 _aBLIGHT
650 _aCOMPENSATION
650 _aINTERDEPARTMENTAL WORKING GROUP ON BLIGHT
690 _aENVIRONMENTAL AND LAND CONSULTANCY-PLANNING AND DEVELOPMENT-COMPULSORY PURCHASE AND COMPENSATION
942 _n0
948 _c07/05/1998
999 _c99302
_d99302